Responses for Show #2327 - Tuesday, October 18, 1994

Jeopardy! Round only.

Contestants

[<< previous game]

Kirk Childress, a legal assistant from Washington, D.C.

Peg Serenyi, a school librarian from Potomac, Maryland

Bazil Facchina, an attorney from Washington, D.C. (whose 1-day cash winnings total $7,650)

[next game >>]

Jeopardy! Round responses

ENDANGERED SPECIES
PRO FOOTBALL
RELIGION
LIGHTHOUSES
OCTOBER
POTPOURRI
    $100 3
Australia

Peg
    $100 16
New Orleans

Bazil
    $100 2
Mecca

Peg
    $100 26
Christopher Columbus

Peg
    $100 1
(Bazil: What is fall?)

daylight savings time (daylight saving time)

BazilKirk
    $100 21
bananas

Peg
    $200 4
pandas

Bazil
    $200 17
(Alex: Not fast enough, Bazil.)

the Minnesota Vikings

Triple Stumper
    $200 10
an eternal flame

Kirk
    $200 27
whale

Bazil
    $200 5
(1 of) Scorpio (or Libra)

Bazil
    $200 22
(Bazil: What is Hungary?)

Poland

BazilKirk
    $300 7
(mountain) gorillas

Peg
    $300 18
(John) Elway

Bazil
    $300 11
Buddha

Kirk
    $300 28
the Coast Guard

Bazil
    $300 6
Bizet

Peg
    $300 23
the knight

Bazil
    $400 8
the kangaroo rat

Bazil
    $400 19
(Jim) Brown

Bazil
    $400 12
(Peg: Who is Brigham Young?)

(Joseph) Smith

BazilPeg
    $400 29
the Pharos at Alexandria

Peg
    $400 14
Woodrow Wilson

Bazil
    $400 24
bacon

Peg
    $500 9
a leopard

Kirk
    $500 20
John Madden

Triple Stumper
    $500 13
Seoul (Korea)

Bazil
    $500 30
Sweden

Peg
    $500 15
(the Battle of) Hastings

Bazil
    $500 25
Italy

Bazil

Scores at the first commercial break (after clue 15):

Bazil Peg Kirk
$2,500 $400 $1,100

Scores at the end of the Jeopardy! Round:

Bazil Peg Kirk
$4,400 $1,900 $1,300
The J! Archive is created by fans, for fans. Scraping, republication, monetization, and malicious use prohibited; this site may use cookies and collect identifying information. See terms. The Jeopardy! game show and all elements thereof, including but not limited to copyright and trademark thereto, are the property of Jeopardy Productions, Inc. and are protected under law. This website is not affiliated with, sponsored by, or operated by Jeopardy Productions, Inc. Join the discussion at JBoard.tv.